| 000 | 00778nam a2200241Ia 4500 | ||
|---|---|---|---|
| 003 | OSt | ||
| 005 | 20220927105208.0 | ||
| 006 | a|||||r|||| 00| 0 | ||
| 007 | ta | ||
| 008 | 220926b |||||||| |||| 00| 0 eng d | ||
| 024 | _a159471 | ||
| 037 | _cReference Collections | ||
| 040 |
_aRTL _cRTL _beng |
||
| 041 |
_2eng _aeng |
||
| 082 | _a"X71m271, N37 N58, J8.1" | ||
| 110 |
_aORRISA (Government of ) Department of Finance _9370796 |
||
| 245 | 0 | _aExplanatory memorandum on budget. Govt of orrisa. Department of finance | |
| 260 |
_aCuttack _bGovt. Press _c1958 |
||
| 300 |
_a685p _ccm. |
||
| 700 |
_aORRISA (Government of ) Department of Finance _9370797 |
||
| 942 |
_h"X71m271, N37 N58, J8.1" _cCC |
||
| 999 |
_c691089 _d691089 |
||